Plan de acción en biodiversidad, jurisdicción de la CVS Valles de los ríos Sinú y San Jorge, Departamento de Córdoba (Registro nro. 6730)

Detalles MARC
000 -CABECERA
Campo de control 00533nam a2200169 a 4500
005 - FECHA Y HORA DE LA ULTIMA TRANSACCION
Campo de control 20170323020002.0
008 - ELEMENTOS DE LONGITUD FIJA—INFORMACION GENERAL
Campo de control 140130b2008 ck ||||| |||| 00| 0 spa d
040 ## - FUENTE DE CATALOGACIÓN
Agencia catalogadora original CO-BoIAVH
Agencia transcriptora CO-BoIAVH
041 ## - IDIOMA
Código de idioma para texto/pista de sonido o título separado Español
044 ## - PAÍS DE PUBLICACIÓN
País de publicación Colombia
090 ## - CLASIFICACIÓN LOCAL
Colección IAVH
Consecutivo 01269
100 ## - ASIENTO PRINCIPAL--NOMBRE PERSONAL
Nombre personal López Rivero, Arleth Susana
245 ## - MENCION DE TITULO
Título Plan de acción en biodiversidad, jurisdicción de la CVS Valles de los ríos Sinú y San Jorge, Departamento de Córdoba
Parte restante del título informe final
260 ## - PUBLICACION, DISTRIBUCION, ETC. (PIE DE IMPRENTA)
Lugar de publicación, distribución, etc. Montería
Nombre del editor, distribuidor, etc. IAVH
Fecha de publicación, distribución, etc. 2008
300 ## - DESCRIPCION FISICA
Extensión 54 p.
942 ## - ELEMENTOS ADICIONALES (KOHA)
Tipo de ítem Informe Técnico
Sistema de clasificación Local
Koha issues (borrowed), all copies 1
Existencias
Withdrawn status Lost status Sistema de Clasificación Damaged status No para préstamo Colección Inventariado Ubicación Permanente Ubicación actual Fecha de adquisición Total Checkouts Número topográfico Inventario / Código de Barras Date last seen Date checked out Ejemplar Price effective from Forma de adquisición Tipo de material
    Local     Humboldt Inventariado 2017 Bogotá Bogotá 18/12/2008 1 IAVH-01269 026640 09/08/2024 22/03/2017 Ej. 1 04/12/2012   Informe Técnico